| 000 | 00000nam##2200000za#4500 |
| 001 | 9.600593 |
| 003 | CaOODSP |
| 005 | 20210624205647 |
| 007 | cr ||||||||||| |
| 008 | 150406|1992||||xxc|||||o f|0| 0 fre|d |
| 040 | |aCaOODSP|bfre |
| 043 | |an-cn--- |
| 086 | 1 |aNH18-1/77-1992F-PDF |
| 110 | 2 |aSociété canadienne d'hypothèques et de logement. |
| 245 | 10|aL'humidité dans les maisons à ossature de bois au Canada : |h[ressource électronique]|bproblèmes, recherche et pratiques de mise en oeuvre de 1975 à 1991 / |cconsultant principal, Grant Wilson. |
| 260 | |aOttawa - Ontario : |bSociété canadienne d'hypothèques et de logement |c1992. |
| 300 | |a203p.|bréférences |
| 490 | 1 |aRapport de recherche |
| 504 | |aBibliographie. |
| 590 | |a11-05-Supp|b2011-03-15 |
| 720 | 1 |aWilson, Grant |
| 775 | 08|tMoisture in Canadian wood-frame house construction : |w(CaOODSP)9.569405 |
| 830 | #0|aResearch report (Société canadienne d'hypothèques et de logement : En ligne)|w(CaOODSP)9.502470 |
| 856 | 40|ahttp://publications.gc.ca|qPDF|s8.78 Mo|uhttps://publications.gc.ca/collections/collection_2011/schl-cmhc/nh18-1/NH18-1-77-1992-fra.pdf |